000 01419nam a2200349 i 4500
003 EG-GICUC
005 20260121101650.0
008 260105s1990 ts ||||fr|||| 00| 0 ara d
017 _a1990/5905
020 _a977-000-529-0
040 _a EG-GICUC
_bara
_c EG-GICUC
_d EG-GICUC
_erda
041 0 _aara
082 0 4 _221
_a345.6651
_bم ص . م
092 0 4 _221
099 _alaw1 07 345.6651 م ص . م 1 ed- 1990
100 0 _aمصطفي محمود عفيفي
_eمؤلف.
245 1 2 _aالمبادئ العامة للإجراءات الإدارية غير القضائية :
_b دراسة مقارنة في كل من التشريع والفقه والقضاء المصرى وفي الدول الاجنبية /
_cدكتور مصطفي محمود عفيفي .
250 _aالطبعة الاولي
264 3 _aدبى :
_bمطابع البيان التجارية،
_c1990.
300 _a328 ؛ صفحة
_c24 سم.
336 _2rda content
_atext
337 _2rda media
_aComputer
338 _2rda carrier
_aOnline Resource
504 _a. 314-323ببليوجرافيا: صفحات
546 _aالنص باللغة العربية
650 1 4 _aالقانون الإداري
_2qrmak
650 1 4 _aالاجراءات الإدارية غي القضائية
_2qrmak
651 1 _2qrmak
856 4 0 _uhttps://fll.law.cu.edu.eg/fulltext/bks/B07-02197.pdf
905 _a77
942 _2ddc
_n0
_cBK
_e21
999 _c54684
_d54684